A Magyar Nemzeti Bank kontrolling rendszerének bemutatása

Bibliográfiai részletek
Szerző: Fodor György
További közreműködők: Ilyés Dr. Csaba
Wodinszky Anna
Dokumentumtípus: Záródolgozat
Kulcsszavak:A Magyar Nemzeti Bank kontrolling rendszerének bemutatása
Online Access:http://dolgozattar.uni-bge.hu/22478

MARC

LEADER 00000nta a2200000 i 4500
001 dolg22478
005 20190516154806.0
008 190516suuuu hu o 000 hun d
040 |a BGE Dolgozattár Repozitórium  |b hun 
041 |a hu 
100 1 |a Fodor György 
245 1 2 |a A Magyar Nemzeti Bank kontrolling rendszerének bemutatása  |c Fodor György  |h [elektronikus dokumentum] 
246 1 1 |a A Magyar Nemzeti Bank kontrolling rendszerének bemutatása 
516 |a Final_paper 
695 |a A Magyar Nemzeti Bank kontrolling rendszerének bemutatása 
700 1 |a Ilyés Dr. Csaba  |e ths 
700 1 |a Wodinszky Anna  |e ths 
700 1 |e ths 
856 4 0 |u http://dolgozattar.uni-bge.hu/22478/1/Szakdolgozat_A%20Magyar%20Nemzeti%20Bank%20kontrolling%20rendszer%C3%A9nek%20bemutat%C3%A1sa_Fodor%20Gy%C3%B6rgy_DFZJQ2.pdf  |z Dokumentum-elérés 
856 4 0 |u http://dolgozattar.uni-bge.hu/22478/3/Nyilatkozat_Fodor%20Gy%C3%B6rgy.pdf  |z Dokumentum-elérés 
856 4 0 |u http://dolgozattar.uni-bge.hu/22478/4/Fodor%20Gy%C3%B6rgy_titkos%C3%ADt%C3%A1si%20k%C3%A9relem.pdf  |z Dokumentum-elérés